Птицы перелётные (Запись № 12723738)

Подробности
000 -МАРКЕР
контрольное поле 03399nam0a2200409 4500
001 - ИДЕНТИФИКАТОР ЗАПИСИ
контрольное поле RU\NLR\BIBL_A\016216402
005 - ИДЕНТИФИКАТОР ВЕРСИИ
контрольное поле 20230222123911.0
010 ## - МЕЖДУНАРОДНЫЙ СТАНДАРТНЫЙ НОМЕР КНИГИ (ISBN)
Номер (ISBN) 978-5-17-150170-9
Тираж 2000
021 ## - НОМЕР ГОСУДАРСТВЕННОЙ РЕГИСТРАЦИИ
Код страны Российская Федерация
Номер КН-П-22-074603
Номер Листа государственной регистраци КН-П-22-6498
035 ## - ДРУГИЕ СИСТЕМНЫЕ НОМЕРА
Идентификатор записи (NLR Aleph) 016216402
035 ## - ДРУГИЕ СИСТЕМНЫЕ НОМЕРА
Идентификатор записи (RuMoRGB)011311548
100 ## - ДАННЫЕ ОБЩЕЙ ОБРАБОТКИ
Данные общей обработки 20221123d2022 u y0rusy50 ca
101 0# - ЯЗЫК РЕСУРСА
Язык текста, звукозаписи и т.д. русский
102 ## - СТРАНА ПУБЛИКАЦИИ ИЛИ ПРОИЗВОДСТВА
Страна публикации Российская Федерация
105 ## - ПОЛЕ КОДИРОВАННЫХ ДАННЫХ: ТЕКСТОВЫЕ МАТЕРИАЛЫ, МОНОГРАФИЧЕСКИЕ
Кодированные данные о монографическом текстовом документе ac z 010ay
181 #0 - ПОЛЕ КОДИРОВАННЫХ ДАННЫХ: ВИД СОДЕРЖАНИЯ
Код вида содержания (ISBD) i3
Код характеристики содержания (ISBD) axxe
182 #1 - ПОЛЕ КОДИРОВАННЫХ ДАННЫХ: ТИП СРЕДСТВА
Код типа средства (ISBD) n - непосредственное
200 1# - ЗАГЛАВИЕ И СВЕДЕНИЯ ОБ ОТВЕТСТВЕННОСТИ
Основное заглавие Птицы перелётные
Сведения, относящиеся к заглавию [сборник рассказов]
Первые сведения об ответственности Вячеслав Малежик
203 ## - ВИД СОДЕРЖАНИЯ И ТИП СРЕДСТВА
Вид содержания Текст
Дополнительные сведения об издании визуальный
Тип средства непосредственный
210 ## - ПУБЛИКАЦИЯ, РАСПРОСТРАНЕНИЕ И ДР.
Место издания, распространения и т.д. Москва
Имя издателя, распространителя и т. д. АСТ
Дата издания, распространения и т.д. 2022
215 ## - ФИЗИЧЕСКАЯ ХАРАКТЕРИСТИКА
Специфическое обозначение материала и объем 347, [3] с.
Другие сведения о физической характеристике ил., портр.
Размеры 21
225 1# - СЕРИЯ
Основное заглавие серии Проза знаменитых людей
300 ## - ОБЩИЕ ПРИМЕЧАНИЯ
Текст примечания На обл.: В год 75-летнего юбилея маэстро - сборник его художественной прозы!
327 1# - ПРИМЕЧАНИЯ О СОДЕРЖАНИИ
Текст примечания Содерж.: Птицы перелётные: повесть; Вспоминая, вспоминай: рассказы; Байки о Смогуле; Альбом: история одной пластинки; Стихи случаются порой...
330 ## - РЕЗЮМЕ ИЛИ РЕФЕРАТ
Текст примечания Сборник художественной прозы Вячеслава Малежика содержит живые и занимательные рассказы на самые разные темы и в самых разных жанрах, а также повесть "Птицы перелётные" - историю о московских подростках, которые в середине 60-х годов открывают для себя рок-н-ролл и учатся играть эту непривычную для советского человека музыку. Среди персонажей без труда угадываются известные люди, знакомые читателям буквально с детства. Часть, озаглавленная "Альбом", включает в себя интересные факты о создании одноимённой пластинки Вячеслава Малежика. Каждой песне посвящена отдельная глава, и каждая глава - это полноценный рассказ: иногда смешной, иногда лирический, иногда поучительный, но неизменно увлекательный. Размещённые в главах QR-коды и ссылки позволяют прослушивать онлайн песни, о которых идёт речь. Завершает книгу подборка стихов, написанных Вячеславом Малежиком с 2016 по 2022 год и публикуемых впервые
333 ## - ПРИМЕЧАНИЯ ОБ ОСОБЕННОСТЯХ РАСПРОСТРАНЕНИЯ И ИСПОЛЬЗОВАНИЯ
Текст примечания 16+
600 #1 - ИМЯ ЛИЦА КАК ПРЕДМЕТ
Начальный элемент ввода Малежик
Часть имени, кроме начального элемента ввода В. Е.
Расширение инициалов личного имени Вячеслав Ефимович
Даты 1947
Код системы nlr_sh2
Идентификатор авторитетной/нормативной записи RU\NLR\AUTH\661604139
675 ## - УНИВЕРСАЛЬНАЯ ДЕСЯТИЧНАЯ КЛАССИФИКАЦИЯ (UDC/УДК)
Индекс 821.161.1-32
Издание 4
686 1# - ИНДЕКСЫ ДРУГИХ КЛАССИФИКАЦИЙ
Индекс Щ364.13(2Р)7-83Малежик
686 2# - ИНДЕКСЫ ДРУГИХ КЛАССИФИКАЦИЙ
Индекс Ш6(2=Р)8я44
700 #1 - ИМЯ ЛИЦА - ПЕРВИЧНАЯ ОТВЕТСТВЕННОСТЬ
Начальный элемент ввода Малежик
Часть имени, кроме начального элемента ввода В. Е.
Даты 1947-
Расширение инициалов личного имени Вячеслав Ефимович
942 ## - ДОПОЛНИТЕЛЬНЫЕ ЭЛЕМЕНТЫ ЗАПИСИ (АБИС)
Тип экземпляра АБИС Книга
980 ## - КОЛЛЕКЦИЯ
Название коллекции Национальная библиография
Экземпляры
Тип экземпляра Дата поступления Источник поступления Библиотека постоянного хранения Библиотека текущего хранения Место хранения Шифр хранения Штрих-код Статус экземпляра
Книга 23.11.2022 Обязательный экземпляр РНБ (Московский) РНБ (Московский) Русский книжный фонд: издания с 1957 года 2022-3/32689 1-4058490  
Книга 23.11.2022 Обязательный экземпляр РНБ (Московский) РНБ (Московский) Русский книжный фонд: издания с 1957 года 2022-3/32689 1-4058494